| 000 | 00519nam a2200193Ia 4500 | ||
|---|---|---|---|
| 008 | 230125s9999 xx 000 0 und d | ||
| 020 | _a0-07-053460-8 | ||
| 041 | _aeng | ||
| 082 |
_a658.312 44 _bMUR/MER |
||
| 100 |
_aMurrel K L _9109291 |
||
| 245 | _aEmpowering Employees | ||
| 260 |
_c2003 _bTata McGraw Hill _aNew Delhi |
||
| 300 | _a185p | ||
| 500 | _aHRM Gen;Empowerment;HRM | ||
| 650 | _aHuman Resource Management | ||
| 700 |
_aMurrel K L & Meredith M _9109292 |
||
| 906 | _b39 | ||
| 999 |
_c85967 _d85967 |
||